Größte Fußballvereine Nordrhein Westfalens(aktuell) - Statistiken

Allgemein
  • Dieses Quiz wurde 417 mal gespielt
  • Das Durchschnittsergebnis liegt bei 23 aus 33
Antwortstatistiken
Liga Verein % Korrekt
1.Liga 1.FC Köln
99%
4.Liga 1.FC Köln II
99%
1.Liga Borussia Dortmund
99%
3.Liga Borussia Dortmund II
99%
2.Liga VfL Bochum
96%
1.Liga Bayer 04 Leverkusen
95%
1.Liga Borussia Mönchen Gladbach
95%
4.Liga Borussia Mönchen Gladbach II
95%
2.Liga FC Schalke 04
95%
4.Liga FC Schalke 04 II
95%
2.Liga Fortuna Düsseldorf
94%
4.Liga Fortuna Düsseldorf II
93%
3.Liga Rot Weiß Essen
89%
3.Liga Arminia Bielefeld
87%
3.Liga MSV Duisburg
87%
4.Liga Alemannia Aachen
86%
2.Liga SC Paderborn 07
83%
4.Liga SC Paderborn 07 II
83%
2.Liga SC Preußen Münster
83%
4.Liga Rot Weiß Oberhausen
73%
4.Liga Wuppertaler SV
71%
4.Liga SC Fortuna Köln
59%
3.Liga FC Viktoria Köln
58%
3.Liga SC Verl
54%
4.Liga FC Gütersloh
45%
4.Liga 1.FC Düren
40%
4.Liga 1.FC Bocholt
35%
4.Liga Rot Weiß Ahlen
31%
4.Liga SV Rödinghausen
29%
4.Liga SV Lippstadt 08
28%
4.Liga SC Wiedenbrück
26%
4.Liga SSVg Velbert
19%
4.Liga FC Wegberg-Beeck
18%
Keine übereinstimmenden Quizze gefunden
Verteilung der Resultate
Anzahl Personen mit jedem Resultat
Perzentil nach korrekt beantworteten Fragen
Ihre Resultats-Entwicklung
Sie haben dieses Quiz noch nicht gespielt